| 000 | 00362nam a2200109Ia 4500 | ||
|---|---|---|---|
| 008 | 160909s9999 xx 000 0 und d | ||
| 100 | _aBentley, Kate J. | ||
| 245 | _aModern Public Market to Revitalize a Small Community | ||
| 260 |
_bThe George Washington University. _c2016 |
||
| 650 | _aFOOD | ||
| 856 | _uhttp://pqdtopen.proquest.com/doc/1807959874.html?FMT=ABS | ||
| 999 |
_c303982 _d303982 |
||